2000 1003 1072 1409 1317 1181 1267 1697 1157 1475 1667 1957 1179 1177 1014 1541 1386 1405 1474 1180 1798 1748 1650 1872 1749 1851 1772 1379 1026 1748 1301 1054 1833 1145 1273 1098 1688 1136 1291 1145 1354 1455 1803 1077 1390 1870 1113 1378 1383 1252 1850 1729 1197 1876 1872 1528 1015 1351 1817 1647 1253 1898 1439 1312 1800 1480 1915 1187 1072 1600 1082 1170 1110 1917 1951 1134 1078 1570 1308 1341 1446 1759 1029 1473 1007 1046 1200 1189 1738 1238 1668 1892 1405 1265 1343 1823 1427 1149 1527 BCNSPRNW ULIB Ver.6.0+V

เปลี่ยนเป็นภาษาไทย

Change to English
 แสดงรายละเอียดบรรณานุกรม
  กลับหน้าหลัก

Brief Record : Get Marc (ISO 2709) : E-mail record : QR code < ปิดหน้าต่าง
LEADER : 00000nam 2200000uu 4500
001    13399113978
003     ULIB
008    120119s2552||||th 000 0 tha d
020    ^a9789742466350
050 04 ^aPL4158^bก563ห
100 0  ^aกำชัย ทองหล่อ
245 10 ^aหลักภาษาไทย /^cกำชัย ทองหล่อ
260    กรุงเทพฯ^bรวมสาส์น,^c2552
300    ^a540 หน้า
650    ^aหลักภาษาไทย
945    ^p345^l0^i18676
995    ^aกัณชพร
999 ^a ใช้งานได้ทุกระบบ
รายการนี้ยังไม่มีแท็ก
คุณยังไม่ได้ล็อกอิน คุณสามารถมีกิจกรรมร่วมกับเว็บไซต์ได้ แต่ต้องล็อกอินก่อน ::
  ล็อกอิน

รายการสื่อสารสนเทศ

ลำดับที่ ประเภท เลขเรียก/บาร์โค้ด สถานที่ สถานะ
- ไม่พบข้อมูล -

รายการใกล้เคียง
    ผู้แต่ง [กำชัย ทองหล่อ]

    หัวเรื่อง [หลักภาษาไทย]

BibComment


ยังไม่เคยถูกคอมเมนท์

คอมเมนท์ทรัพยากรรายการนี้
  คอมเมนท์: หลักภาษาไทย กำช..


 Copyright 2026. Bcnsprnw @Library